000 00292nam a2200121Ia 4500
008 190216s9999||||xx |||||||||||||| ||und||
100 _aMehta J L
245 0 _aHistory Of Medieval India
260 _bSterling Publications
_c1983
300 _a324p
650 _aIndian Muslims
942 _cBK
999 _c19396
_d19396